| 000 | 00941nas a2200313 4500 | ||
|---|---|---|---|
| 001 | BR7802977 | ||
| 003 | BR-BrBNA | ||
| 005 | 20231205083428.0 | ||
| 007 | ta | ||
| 008 | 230509b bl.|||p| |||| 00| 00por d | ||
| 040 |
_aBR-BrBNA _bpor _cBiblioteca Nacional de Agricultura |
||
| 041 | _a(Pt) | ||
| 072 | _aL70 | ||
| 100 | 1 | _aCaldas, E.M. | |
| 100 | 1 | _aTishcenko, L.M. | |
| 100 | 1 | _aPereira Filho, M. | |
| 100 | 1 | _aCamara, J.Q. | |
| 100 | 1 | _aSampaio, M.B. | |
| 100 | 1 | _aCunha, J.B. da | |
| 100 | 1 | _aSantos, M.L. dos | |
| 245 | 1 | _aAglutininas antileptospira em hemo-soro de animais [Bahia, Brasil] | |
| 650 | _aLEPTOSPIROSE | ||
| 650 | _aAGLUTININA | ||
| 650 | _aSORO-AGLUTINACAO | ||
| 650 | _aBAHIA | ||
| 773 | 0 |
_tArquivos da Escola de Medicina Veterinaria da Universidade Federal da Bahia (Brazil) _xISSN 0100-2597 _g(1977), v. 2(1) p. 83-98 _wBR7802977 |
|
| 909 |
_a202311 _bLúcia _c55 _dLúcia Elande |
||
| 942 |
_2AGRIS _n0 _cANA |
||
| 999 |
_c98687 _d98687 |
||